Studies in South Asian heritage : (Record no. 19299)

MARC details
000 -LEADER
fixed length control field 01503cam a2200397 i 4500
001 - CONTROL NUMBER
control field 18639320
003 - CONTROL NUMBER IDENTIFIER
control field BDDh-ASL
005 - DATE AND TIME OF LATEST TRANSACTION
control field 20231015025754.0
008 - FIXED-LENGTH DATA ELEMENTS--GENERAL INFORMATION
fixed length control field 150527s2015 bg ab b 010 0 eng
010 ## - LIBRARY OF CONGRESS CONTROL NUMBER
LC control number 2014359674
020 ## - INTERNATIONAL STANDARD BOOK NUMBER
International Standard Book Number 9840753835
025 ## - OVERSEAS ACQUISITION NUMBER
Overseas acquisition number B-E-2014359674
035 ## - SYSTEM CONTROL NUMBER
System control number (MFDhaka) 2014359674
037 ## - SOURCE OF ACQUISITION
Source of stock number/acquisition Library of Congress -- New Delhi Overseas Office
040 ## - CATALOGING SOURCE
Original cataloging agency DLC
Language of cataloging eng
Description conventions rda
Transcribing agency DLC
Modifying agency BDDh-ASL
042 ## - AUTHENTICATION CODE
Authentication code lcode
-- pcc
043 ## - GEOGRAPHIC AREA CODE
Geographic area code az-----
050 00 - LIBRARY OF CONGRESS CALL NUMBER
Classification number DS338
Item number .S78 2015
082 ## - DEWEY DECIMAL CLASSIFICATION NUMBER
Classification number 930
Item number STU
245 00 - TITLE STATEMENT
Title Studies in South Asian heritage :
Remainder of title essays in memory of M Harunur Rashid /
Statement of responsibility, etc. edited by Mokammal H Bhuiyan.
260 ## - PUBLICATION, DISTRIBUTION, ETC.
Place of publication, distribution, etc. Dhaka :
Name of publisher, distributor, etc. Bangla Academy,
Date of publication, distribution, etc. 2015.
300 ## - PHYSICAL DESCRIPTION
Extent 444 pages :
Other physical details illustrations, maps ;
Dimensions 28 cm
336 ## - CONTENT TYPE
Content type term text
Content type code txt
Source rdacontent
337 ## - MEDIA TYPE
Media type term unmediated
Media type code n
Source rdamedia
338 ## - CARRIER TYPE
Carrier type term volume
Carrier type code nc
Source rdacarrier
504 ## - BIBLIOGRAPHY, ETC. NOTE
Bibliography, etc. note Includes bibliographical references.
520 ## - SUMMARY, ETC.
Summary, etc. Collection of essays by national and international scholars on art and iconography , archaeology, architecture, epigraphy and numismatics, and history in South Asia, published to commemorate the contribution of Professor M Harunu Rashid.
546 ## - LANGUAGE NOTE
Language note In English.
651 #0 - SUBJECT ADDED ENTRY--GEOGRAPHIC NAME
Geographic name South Asia
General subdivision Antiquities.
651 #0 - SUBJECT ADDED ENTRY--GEOGRAPHIC NAME
Geographic name South Asia
General subdivision Civilization
700 1# - ADDED ENTRY--PERSONAL NAME
Personal name Harunur Rashid, M.,
Dates associated with a name 1925-2010,
Relator term honouree.
700 1# - ADDED ENTRY--PERSONAL NAME
Personal name Bhuiyan, Mokammal H.,
Relator term editor.
906 ## - LOCAL DATA ELEMENT F, LDF (RLIN)
a 7
b cbc
c origode
d 3
e ncip
f 20
g y-gencatlg
942 ## - ADDED ENTRY ELEMENTS (KOHA)
Source of classification or shelving scheme Dewey Decimal Classification
Koha item type Books
Holdings
Withdrawn status Lost status Source of classification or shelving scheme Damaged status Not for loan Collection code Home library Current library Shelving location Date acquired Source of acquisition Total Checkouts Full call number Barcode Date last seen Copy number Price effective from Koha item type
    Dewey Decimal Classification     Non-fiction Asiatic Society Library Asiatic Society Library Sirajul Islam Collection 11/23/2020 Donated by Professor Sirajul Islam, FRHS   930 STU 102609 11/23/2020 C-1 11/23/2020 Books
    Dewey Decimal Classification     Non-fiction Asiatic Society Library Asiatic Society Library General Stacks 04/11/2021 ASB Library Collections   930 STU 108707 04/11/2021 C-2 04/11/2021 Books
    Dewey Decimal Classification     Non-fiction Asiatic Society Library Asiatic Society Library General Stacks 04/11/2021 ASB Library Collections   930 STU 108708 04/11/2021 C-3 04/11/2021 Books
    Dewey Decimal Classification     Non-fiction Asiatic Society Library Asiatic Society Library General Stacks 04/02/2022 Complementary   930 STU 116464 04/02/2022 C-4 04/02/2022 Books
    Dewey Decimal Classification     Non-fiction Asiatic Society Library Asiatic Society Library General Stacks 04/02/2022 Complementary   930 STU 116465 04/02/2022 C-5 04/02/2022 Books
    Dewey Decimal Classification     Non-fiction Asiatic Society Library Asiatic Society Library Sirajul Islam Collection 04/24/2022 Donated by Prof. Sirajul Islam FRHS   930 STU 116559 04/24/2022 C-6 04/24/2022 Books

Powered by Koha